banner koha

Teores de macronutrientes em pecíolos e folhas de figueira (Ficus carica L.)em função da adubação potássica (Registro n. 188213)

MARC details
000 -LÍDER
campo de controle de tamanho fixo 00930nas a2200301 4500
001 - NÚMERO DE CONTROLE
campo de controle BR0701111
003 - IDENTIFICADOR DO NÚMERO DE CONTROLE
campo de controle BR-BrBNA
005 - DATA E HORÁRIO DA ÚLTIMA TRANSAÇÃO
campo de controle 20231205110623.0
007 - CAMPO FIXO DE DESCRIÇÃO FÍSICA--INFORMAÇÃO GERAL
campo de controle de tamanho fixo ta
008 - CAMPO DE DADOS FIXOS--INFORMAÇÃO GERAL
campo de controle de tamanho fixo 230509b bl.|||p| |||| 00| 00por d
040 ## - FONTE DA CATALOGAÇÃO
Instituição da catalogação original BR-BrBNA
Idioma da catalogação por
Instituição que transcreveu o registro Biblioteca Nacional de Agricultura
041 ## - CÓDIGO DE IDIOMA
Código do idioma do texto/trilha sonora ou título diferente (Pt)
072 ## - CÓDIGO DE CATEGORIA DE ASSUNTO
Código de Categoria de Assunto F04; F61
100 1# - ENTRADA PRINCIPAL--NOME PESSOAL
Nome pessoal Brizola, R.M. de O.
100 1# - ENTRADA PRINCIPAL--NOME PESSOAL
Nome pessoal Leonel, S.
100 1# - ENTRADA PRINCIPAL--NOME PESSOAL
Nome pessoal Tecchio, M.A.
100 1# - ENTRADA PRINCIPAL--NOME PESSOAL
Nome pessoal Hora, R.C. da
245 1# - TÍTULO
Título Teores de macronutrientes em pecíolos e folhas de figueira (Ficus carica L.)em função da adubação potássica
650 ## - ASSUNTO--TERMO TÓPICO
Cabeçalho tópico ou nome geográfico FIGO
650 ## - ASSUNTO--TERMO TÓPICO
Cabeçalho tópico ou nome geográfico FERTILIZANTE POTÁSSICO
650 ## - ASSUNTO--TERMO TÓPICO
Cabeçalho tópico ou nome geográfico FOLHA
650 ## - ASSUNTO--TERMO TÓPICO
Cabeçalho tópico ou nome geográfico ANÁLISE FOLIAR
650 ## - ASSUNTO--TERMO TÓPICO
Cabeçalho tópico ou nome geográfico ABSORÇÃO DE NUTRIENTES
650 ## - ASSUNTO--TERMO TÓPICO
Cabeçalho tópico ou nome geográfico VALOR NUTRITIVO
773 0# - ENTRADA ANALÍTICA
Título Ciência e Agrotecnologia (Brazil)
ISSN - International Standard Serial Number ISSN 1413-7054
Partes relacionadas (2005), v. 29(3) p. 610-616
Número de controle do registro BR0701111
909 ## -
-- 202311
-- Lúcia
-- 55
-- Lúcia Elande
942 ## - ELEMENTOS DE ENTRADA ADICIONADOS (KOHA)
Fonte da classificação ou esquema de arquivamento na estante Classificação AGRIS
Ocultar no OPAC Não
Tipo de material Koha Analítica
Exemplares
Situação do descarte Fonte da classificação ou esquema de arquivamento na estante Situação física Não pode ser emprestado Biblioteca de origem Biblioteca atual Localização na estante Enumeração do periódico / cronologia Total de empréstimos Data de último acesso Número do exemplar Tipo de material Koha Fonte de aquisição
  Classificação AGRIS   Consulta local Biblioteca Nacional de Agricultura - Binagri Biblioteca Nacional de Agricultura - Binagri   (2005), v. 29(3) p. 610-616   29/11/2023 01 Periódicos Portaria Interministerial nº 164/94

BINAGRI

Telefone: (61)3218-2567/2388/3357/2097 - binagri@agro.gov.br

Ministério da Agricultura e Pecuária , Esplanada dos Ministérios, Bloco D, Anexo B, Brasília/DF, CEP: 70.043-900